Süper Lig'de Yer Almış Tüm Takımlar - Statistics

General Stats
  • This quiz has been taken 176 times
  • The average score is 40 of 76
Answer Stats
Kulüp % Correct
Galatasaray
100%
Fenerbahçe
98%
Trabzonspor
98%
Beşiktaş
97%
Adana Demirspor
89%
Başakşehir
88%
Göztepe
88%
Antalyaspor
87%
Adanaspor
86%
Gençlerbirliği
85%
Rizespor
85%
Bursaspor
83%
Samsunspor
83%
Ankaragücü
81%
Kayserispor
81%
Alanyaspor
80%
Erzurumspor
78%
Gaziantepspor
78%
Kocaelispor
78%
Altay
77%
Konyaspor
77%
Sivasspor
76%
Hatayspor
75%
Kasımpaşa
75%
Karagümrük
70%
Karşıyaka
70%
İstanbulspor
69%
Orduspor
69%
Giresunspor
64%
Eyüpspor
63%
Malatyaspor
63%
Ankaraspor
62%
Mersin İdman Yurdu
62%
Diyarbakırspor
59%
Eskişehirspor
59%
Vanspor
59%
Denizlispor
58%
Balıkesirspor
57%
Karabükspor
57%
Pendikspor
57%
Sakaryaspor
57%
Bodrum FK
56%
Manisaspor
53%
Boluspor
51%
Zonguldakspor
50%
İzmirspor
49%
Çanakkale Dardanelspor
43%
Elazığspor
43%
Ümraniyespor
43%
Gaziantep FK
41%
Akhisarspor
38%
Aydınspor
38%
Kayseri Erciyesspor
37%
Bucaspor
36%
Yeni Malatyaspor
36%
Sarıyer
33%
Yozgatspor
33%
Siirtspor
28%
Altınordu
22%
Ankara Demirspor
22%
Hacettepe
22%
Kahramanmaraşspor
20%
Vefa
19%
Keçiörengücü
17%
Beykoz
14%
Zeytinburnuspor
13%
Şekerspor
12%
Sebatspor
10%
Kırklarelispor
9%
Bakırköyspor
7%
Beyoğluspor
6%
Türk Telekom
6%
Feriköy
5%
Petrol Ofisi
5%
Alibeyköyspor
4%
Yeşildirek
4%
No matching quizzes found
Score Distribution
Percent of People with Each Score
Percentile by Number Answered
Your Score History
You have not taken this quiz